000
00299nam a22001097a 4500
008
160613b xxu||||| |||| 00| 0 eng d
020
_a
0964615134
041
_a
eng
080
_a
618.2
245
_a
Clinical guidelines in family practice:
_c
Constance R. Uphold; Mary Virginia Graham;
942
_2
udc
_c
BK
999
_c
2472
_d
2472